[Event "Arco op 45th"]
[Site "Arco"]
[Date "2023.10.14"]
[Round "8"]
[White "Cardarelli, Angelo"]
[Black "Schellenberg, Simon"]
[Result "0-1"]
[WhiteElo "1929"]
[BlackElo "2044"]
[PlyCount "86"]
[EventDate "2023.10.07"]
[EventType "swiss"]
[EventRounds "9"]
[EventCountry "ITA"]
[SourceTitle "Mega2024 Update 01"]
[Source "Chessbase"]
[SourceDate "2023.11.12"]
[SourceVersion "1"]
[SourceVersionDate "2023.11.12"]
[SourceQuality "1"]

1. d4 d5 2. c4 c6 3. e3 Nf6 4. Nf3 Nbd7 5. Bd3 e6 6. 0-0 Be7 7. b3 b6 8. Nbd2 0-0 9. Bb2 Bb7 10. Qe2 c5 11. Rad1 Qc7 12. Ne5 Ne4 13. Bxe4 dxe4 14. Nxd7 Qxd7 15. dxc5 Qc7 16. cxb6 axb6 17. a4 f5 18. f4 Rad8 19. Nb1 Bc5 20. Be5 Qc6 21. Bd4 Bb4 22. Qb2 Rd7 23. Nc3 Rfd8 24. Qc2 g5 25. fxg5 Bxc3 26. Bxc3 Rd3 27. Ba1 Qc5 28. Bd4 R8xd4 29. exd4 Qxd4+ 30. Kh1 e5 31. c5 Qxc5 32. Qxc5 bxc5 33. Rc1 e3 34. Rxc5 f4 35. Kg1 Rd2 36. Rfc1 Rxg2+ 37. Kf1 Rxh2 38. Rb5 Rh1+ 39. Ke2 Rxc1 40. Rxb7 Rc2+ 41. Kd1 Rd2+ 42. Kc1 f3 43. Rb6 Rd5 0-1

[Event "Arco op 45th"]
[Site "Arco"]
[Date "2023.10.10"]
[Round "4"]
[White "Sarkar, Justin"]
[Black "Schellenberg, Simon"]
[Result "1-0"]
[WhiteElo "2289"]
[BlackElo "2044"]
[PlyCount "87"]
[EventDate "2023.10.07"]
[EventType "swiss"]
[EventRounds "9"]
[EventCountry "ITA"]
[SourceTitle "Mega2024 Update 01"]
[Source "Chessbase"]
[SourceDate "2023.11.12"]
[SourceVersion "1"]
[SourceVersionDate "2023.11.12"]
[SourceQuality "1"]

1. d4 d5 2. c4 e6 3. Nc3 Nf6 4. cxd5 exd5 5. Bg5 Be7 6. e3 0-0 7. Bd3 h6 8. Bh4 c6 9. Qc2 Re8 10. Nge2 Nbd7 11. f3 c5 12. 0-0 c4 13. Bf5 Nb6 14. Bxc8 Rxc8 15. Rad1 Qd7 16. Bxf6 Bxf6 17. e4 Rcd8 18. e5 Be7 19. f4 f5 20. Rc1 Bb4 21. Nd1 Nc8 22. Ne3 Ne7 23. h3 g6 24. g4 Rf8 25. Ng3 Kh8 26. gxf5 Nxf5 27. Ngxf5 gxf5 28. Kh2 Ba5 29. Rg1 Bb6 30. Rcd1 Qh7 31. Rg3 Rd7 32. Qg2 Rfd8 33. Rg6 Rf7 34. Nxd5 Rxd5 35. Rxb6 Rdd7 36. Rg6 Rg7 37. Rxg7 Rxg7 38. Qf3 Qg6 39. d5 b5 40. d6 Qe6 41. Rg1 c3 42. Rxg7 cxb2 43. Rg1 b1Q 44. Qa8+ 1-0

[Event "Arco op 45th"]
[Site "Arco"]
[Date "2023.10.08"]
[Round "2"]
[White "Kainz, Josef"]
[Black "Schellenberg, Simon"]
[Result "0-1"]
[WhiteElo "1894"]
[BlackElo "2044"]
[PlyCount "112"]
[EventDate "2023.10.07"]
[EventType "swiss"]
[EventRounds "9"]
[EventCountry "ITA"]
[SourceTitle "Mega2024 Update 01"]
[Source "Chessbase"]
[SourceDate "2023.11.12"]
[SourceVersion "1"]
[SourceVersionDate "2023.11.12"]
[SourceQuality "1"]

1. Nf3 Nf6 2. c4 e6 3. g3 d5 4. d4 dxc4 5. Bg2 Nc6 6. Qa4 Bb4+ 7. Bd2 Nd5 8. Bxb4 Ndxb4 9. a3 b5 10. Qd1 Nd5 11. e4 Nf6 12. Nc3 Rb8 13. 0-0 0-0 14. e5 Nd5 15. Ne4 Na5 16. Nfg5 h6 17. Qh5 f6 18. f4 Qe8 19. Qxe8 Rxe8 20. Nf3 f5 21. Nc5 Ne3 22. Rf2 Nxg2 23. Kxg2 Bb7 24. Nxb7 Nxb7 25. Rc2 Na5 26. d5 Nb3 27. Rd1 Red8 28. d6 Rbc8 29. Nd4 Nxd4 30. Rxd4 cxd6 31. exd6 Kf7 32. h4 Rc5 33. Re2 a6 34. Kf3 Kf6 35. d7 Ke7 36. a4 Rxd7 37. Rxd7+ Kxd7 38. axb5 axb5 39. g4 fxg4+ 40. Kxg4 b4 41. Kf3 c3 42. bxc3 Rxc3+ 43. Ke4 b3 44. Rb2 Rh3 45. Ke5 h5 46. Rg2 Kc6 47. Kxe6 Rxh4 48. Ke5 Rg4 49. Rh2 g6 50. Rh3 b2 51. Rb3 Rg2 52. f5 gxf5 53. Kxf5 h4 54. Kf4 h3 55. Kf3 Rc2 56. Rb8 h2 0-1

[Event "Arco op 45th"]
[Site "Arco"]
[Date "2023.10.07"]
[Round "1"]
[White "Schellenberg, Simon"]
[Black "Gheser, Amir"]
[Result "1-0"]
[WhiteElo "2044"]
[BlackElo "1702"]
[PlyCount "79"]
[EventDate "2023.10.07"]
[EventType "swiss"]
[EventRounds "9"]
[EventCountry "ITA"]
[SourceTitle "Mega2024 Update 01"]
[Source "Chessbase"]
[SourceDate "2023.11.12"]
[SourceVersion "1"]
[SourceVersionDate "2023.11.12"]
[SourceQuality "1"]

1. e4 c5 2. Nf3 Nc6 3. d3 g6 4. g3 Bg7 5. Bg2 d6 6. 0-0 Nh6 7. Nc3 0-0 8. Nh4 Rb8 9. Bd2 Nd4 10. h3 b5 11. Ne2 f5 12. c3 Nxe2+ 13. Qxe2 e6 14. exf5 Nxf5 15. Nxf5 gxf5 16. f4 e5 17. Bd5+ Kh8 18. Rf2 Bb7 19. Qf3 e4 20. dxe4 Bxd5 21. exd5 Rb7 22. Re2 Re8 23. Rae1 Rbe7 24. Qh5 Rxe2 25. Rxe2 Rxe2 26. Qxe2 Qd7 27. Kf2 Kg8 28. Qe6+ Qxe6 29. dxe6 h5 30. g4 fxg4 31. hxg4 hxg4 32. Kg3 a5 33. Kxg4 Kf8 34. f5 a4 35. Kg5 Ke7 36. Kg6 Bf6 37. Bg5 Bxg5 38. Kxg5 b4 39. cxb4 c4 40. a3 1-0

[Event "SUI-ch Blitz"]
[Site "Biel"]
[Date "2023.07.29"]
[Round "2"]
[White "Colmenares, Aurelio"]
[Black "Schellenberg, Simon"]
[Result "1/2-1/2"]
[WhiteElo "2333"]
[BlackElo "1985"]
[PlyCount "61"]
[EventDate "2023.07.29"]
[EventType "swiss (blitz)"]
[EventRounds "13"]
[EventCountry "SUI"]
[SourceTitle "CBM 215 Extra"]
[Source "ChessBase"]
[SourceDate "2023.09.30"]
[SourceVersion "1"]
[SourceVersionDate "2023.09.30"]
[SourceQuality "1"]

1. d4 Nf6 2. c4 g6 3. Nc3 d5 4. Nf3 Bg7 5. Qb3 dxc4 6. Qxc4 Be6 7. Qb5+ Bd7 8. Qxb7 Nc6 9. Qb3 Rb8 10. Qc2 Nb4 11. Qb1 Bg4 12. a3 Nbd5 13. Nxd5 Qxd5 14. Qc2 0-0 15. e3 Bxf3 16. gxf3 Qxf3 17. Rg1 Qh5 18. Bd2 e5 19. dxe5 Qxe5 20. Bc3 Qxh2 21. Rg2 Qd6 22. Rd1 Qe6 23. Qa4 Rbd8 24. Bc4 Rxd1+ 25. Kxd1 Qh3 26. Rg3 Qh1+ 27. Kc2 Qe4+ 28. Kc1 h5 29. Bxf6 Qh1+ 30. Qd1 Qxd1+ 31. Kxd1 1/2-1/2

[Event "SUI-ch Blitz"]
[Site "Biel"]
[Date "2023.07.29"]
[Round "4"]
[White "Kamber, Bruno"]
[Black "Schellenberg, Simon"]
[Result "0-1"]
[WhiteElo "2214"]
[BlackElo "1985"]
[PlyCount "96"]
[EventDate "2023.07.29"]
[EventType "swiss (blitz)"]
[EventRounds "13"]
[EventCountry "SUI"]
[SourceTitle "CBM 215 Extra"]
[Source "ChessBase"]
[SourceDate "2023.09.30"]
[SourceVersion "1"]
[SourceVersionDate "2023.09.30"]
[SourceQuality "1"]

1. e4 d5 2. exd5 Nf6 3. Nf3 Nxd5 4. d4 g6 5. c4 Nb6 6. Nc3 Bg7 7. h3 c5 8. d5 e6 9. Be3 exd5 10. cxd5 0-0 11. Qd2 Bxc3 12. bxc3 Qxd5 13. Qxd5 Nxd5 14. Bxc5 Re8+ 15. Kd2 b6 16. Bb5 Bd7 17. Bxd7 Nxd7 18. Bd4 Rac8 19. Rhe1 f6 20. g4 Kf7 21. h4 Nc5 22. Rxe8 Rxe8 23. Rb1 Rc8 24. g5 Ne4+ 25. Kd3 f5 26. Ne5+ Kf8 27. c4 Nf4+ 28. Ke3 Ng2+ 29. Ke2 Nf4+ 30. Kf1 Nd2+ 31. Ke1 Nxb1 32. Nd7+ Ke7 33. Nf6 Rxc4 34. Be3 Nc3 35. Bxf4 Rxf4 36. Kd2 Rc4 37. Kd3 Rc6 38. Nxh7 Nd5 39. Kd4 Nf4 40. Ke3 Nh5 41. Kd4 Kf7 42. Kd5 Rc5+ 43. Kd6 Kg7 44. Nf6 Nxf6 45. gxf6+ Kxf6 46. f4 Rc4 47. Kd5 Rxf4 48. Kc6 Ra4 0-1

[Event "SUI-ch op 122nd"]
[Site "Leukerbad"]
[Date "2023.07.21"]
[Round "7"]
[White "Schellenberg, Simon"]
[Black "Shahmammadli, Safkhan"]
[Result "1-0"]
[WhiteElo "1985"]
[BlackElo "2071"]
[PlyCount "115"]
[EventDate "2023.07.07"]
[EventType "swiss"]
[EventRounds "9"]
[EventCountry "SUI"]
[SourceTitle "EXT 2024"]
[Source "ChessBase"]
[SourceDate "2023.10.10"]
[SourceVersion "1"]
[SourceVersionDate "2023.10.10"]
[SourceQuality "1"]

1. e4 d6 2. d4 Nf6 3. Nc3 c6 4. Be2 Qa5 5. Bd2 Qc7 6. Bg5 Nbd7 7. Nf3 e5 8. a4 Be7 9. 0-0 h6 10. Bh4 g5 11. Bg3 Nh5 12. dxe5 Nxg3 13. hxg3 dxe5 14. Nd2 Nf8 15. Nc4 Be6 16. Ne3 Rd8 17. Bd3 Ng6 18. Nf5 Bf8 19. Qh5 Ne7 20. Rfd1 Qc8 21. g4 Ng6 22. g3 Rg8 23. Be2 f6 24. Rab1 Bf7 25. Qh3 Be6 26. b3 Qc7 27. Qh5 a5 28. Kg2 Rd7 29. Nb5 cxb5 30. Bxb5 Kd8 31. Rxd7+ Bxd7 32. Rd1 Qxc2 33. Rxd7+ Kc8 34. Rd3 Qb1 35. Bc4 Bc5 36. Nd6+ Bxd6 37. Rxd6 Qxe4+ 38. Kh2 Rd8 39. Bd5 Qc2 40. Rxd8+ Kxd8 41. Bg2 Ne7 42. Qxh6 Qxf2 43. Qh7 b6 44. Kh3 Kd7 45. Qf7 f5 46. Bc6+ Kxc6 47. Qe6+ Kc5 48. Qxe7+ Kd5 49. Qf7+ Kd6 50. gxf5 Qf1+ 51. Kg4 Qe2+ 52. Kxg5 Qe3+ 53. Kh5 Qf3+ 54. g4 e4 55. f6 Qh3+ 56. Kg5 e3 57. Qe7+ Kd5 58. f7 1-0

[Event "SUI-ch op 122nd"]
[Site "Leukerbad"]
[Date "2023.07.18"]
[Round "4"]
[White "Schellenberg, Simon"]
[Black "Borsos, Bogdan"]
[Result "1/2-1/2"]
[WhiteElo "1985"]
[BlackElo "2121"]
[PlyCount "97"]
[EventDate "2023.07.07"]
[EventType "swiss"]
[EventRounds "9"]
[EventCountry "SUI"]
[SourceTitle "EXT 2024"]
[Source "ChessBase"]
[SourceDate "2023.10.10"]
[SourceVersion "1"]
[SourceVersionDate "2023.10.10"]
[SourceQuality "1"]

1. e4 e5 2. Nf3 Nc6 3. Bb5 Nf6 4. d3 Bc5 5. c3 d6 6. d4 exd4 7. cxd4 Bb4+ 8. Bd2 0-0 9. Bxc6 Bxd2+ 10. Nbxd2 bxc6 11. 0-0 Re8 12. Qc2 Bd7 13. Rfe1 h6 14. a3 a5 15. h3 a4 16. e5 Nd5 17. Nc4 Be6 18. Rac1 Nf4 19. Qd2 Bxc4 20. Rxc4 dxe5 21. Rxe5 Rxe5 22. dxe5 Qxd2 23. Nxd2 Nd3 24. Rxc6 Nxe5 25. Rxc7 Rb8 26. Rc2 Nd3 27. Nc4 Rc8 28. Rd2 Rxc4 29. Rxd3 Rc1+ 30. Kh2 Rc2 31. f4 h5 32. Rd8+ Kh7 33. Rb8 h4 34. Rb7 f5 35. Rb5 Kg6 36. Rb4 Rd2 37. Rxa4 Rxb2 38. Ra6+ Kh7 39. Ra5 Kg6 40. Re5 Rf2 41. a4 Rxf4 42. a5 Ra4 43. Re6+ Kg5 44. a6 g6 45. Rb6 Ra2 46. Kg1 Kh5 47. Rf6 Kg5 48. Rb6 Kh5 49. Rf6 1/2-1/2

[Event "Davos op"]
[Site "Davos"]
[Date "2023.07.01"]
[Round "3"]
[White "Langheinrich, Ferenc"]
[Black "Schellenberg, Simon"]
[Result "1/2-1/2"]
[WhiteElo "2379"]
[BlackElo "2023"]
[PlyCount "55"]
[EventDate "2023.06.30"]
[EventType "swiss"]
[EventRounds "5"]
[EventCountry "SUI"]
[SourceTitle "EXT 2024"]
[Source "ChessBase"]
[SourceDate "2023.10.10"]
[SourceVersion "1"]
[SourceVersionDate "2023.10.10"]
[SourceQuality "1"]

1. b3 e5 2. Bb2 Nc6 3. c4 Nge7 4. e3 d5 5. cxd5 Nxd5 6. a3 Bd6 7. Qc2 Qe7 8. d3 Be6 9. Nd2 0-0 10. Ngf3 Rfd8 11. Be2 f6 12. b4 a6 13. 0-0 Rac8 14. Rfc1 Na7 15. Ne4 Kh8 16. Nc5 Bxc5 17. Qxc5 Qxc5 18. Rxc5 Nb6 19. d4 e4 20. Nd2 Na4 21. Rc2 f5 22. Nc4 Nb5 23. Na5 Nd6 24. Rac1 Rd7 25. Ba1 Bd5 26. g4 g6 27. Nc4 Nxc4 28. Bxc4 1/2-1/2

[Event "Arco op 44th"]
[Site "Arco"]
[Date "2022.10.14"]
[Round "7"]
[White "Schellenberg, Simon"]
[Black "Wegelin, Reinhard"]
[Result "1-0"]
[WhiteElo "1997"]
[BlackElo "1759"]
[PlyCount "85"]
[EventDate "2022.10.08"]
[EventType "swiss"]
[EventRounds "9"]
[EventCountry "ITA"]
[SourceTitle "CBM 210 Extra"]
[Source "ChessBase"]
[SourceDate "2022.11.30"]
[SourceVersion "1"]
[SourceVersionDate "2022.11.30"]
[SourceQuality "1"]

1. e4 g6 2. d4 Bg7 3. Nf3 d6 4. Bc4 e6 5. c3 a6 6. a4 Ne7 7. 0-0 0-0 8. Bg5 h6 9. Bh4 Nd7 10. Nbd2 e5 11. Qe2 Qe8 12. dxe5 dxe5 13. Rfd1 Nc5 14. b4 Ne6 15. Bg3 Nf4 16. Qe3 g5 17. h4 gxh4 18. Nxh4 Neg6 19. Nf5 Be6 20. Nxg7 Kxg7 21. Qc5 Bxc4 22. Qxc4 Qe7 23. Nf1 f5 24. Rd2 Rad8 25. Rad1 Rxd2 26. Rxd2 fxe4 27. Qxe4 c6 28. Nh2 Rd8 29. Bxf4 Nxf4 30. Rxd8 Qxd8 31. Qxe5+ Qf6 32. Qe4 Nd5 33. c4 Nxb4 34. Ng4 Qd6 35. Ne3 Qf6 36. c5 Nd5 37. Nxd5 cxd5 38. Qxd5 Qa1+ 39. Kh2 Qxa4 40. Qxb7+ Kg6 41. Qb6+ Kg5 42. c6 Qf4+ 43. g3 1-0

[Event "Arco op 44th"]
[Site "Arco"]
[Date "2022.10.11"]
[Round "4"]
[White "Limbrunner, Steven"]
[Black "Schellenberg, Simon"]
[Result "0-1"]
[WhiteElo "1781"]
[BlackElo "1997"]
[PlyCount "90"]
[EventDate "2022.10.08"]
[EventType "swiss"]
[EventRounds "9"]
[EventCountry "ITA"]
[SourceTitle "CBM 210 Extra"]
[Source "ChessBase"]
[SourceDate "2022.11.30"]
[SourceVersion "1"]
[SourceVersionDate "2022.11.30"]
[SourceQuality "1"]

1. c4 Nf6 2. Nc3 d5 3. d4 g6 4. Nf3 Bg7 5. Bf4 c6 6. e3 0-0 7. Bd3 Nbd7 8. Qc2 Qa5 9. 0-0 dxc4 10. Bxc4 Nb6 11. Bd3 Nbd5 12. Nxd5 Nxd5 13. Be5 Bh6 14. a3 Bg4 15. b4 Qd8 16. Nd2 Bxe3 17. fxe3 Nxe3 18. Qb2 Nxf1 19. Rxf1 f6 20. Bg3 Qd7 21. Nb3 b6 22. Rf4 e5 23. Bc4+ Be6 24. Bxe6+ Qxe6 25. dxe5 fxe5 26. Rxf8+ Rxf8 27. Nd2 e4 28. h3 Rd8 29. Qc2 Rd3 30. Be1 Rxa3 31. Qc4 Qxc4 32. Nxc4 Ra2 33. Kf1 Kg7 34. Bc3+ Kf8 35. Nb2 Ra3 36. Nd1 Kf7 37. Ke2 Ke6 38. Kd2 Ra2+ 39. Bb2 a5 40. bxa5 Rxa5 41. Ke3 Rc5 42. Bd4 Rc1 43. Kd2 Rb1 44. Nc3 Rb2+ 45. Ke3 c5 0-1

[Event "Davos Summer op 21st"]
[Site "Davos"]
[Date "2022.08.07"]
[Round "4"]
[White "Schellenberg, Simon"]
[Black "Riemelmoser, Franz"]
[Result "0-1"]
[WhiteElo "1939"]
[BlackElo "2249"]
[PlyCount "90"]
[EventDate "2022.08.05"]
[EventType "swiss"]
[EventRounds "5"]
[EventCountry "SUI"]
[SourceTitle "CBM 209 Extra"]
[Source "ChessBase"]
[SourceDate "2022.09.30"]
[SourceVersion "1"]
[SourceVersionDate "2022.09.30"]
[SourceQuality "1"]

1. Nf3 Nf6 2. g3 d5 3. d4 c5 4. c3 e6 5. Bg2 Nc6 6. 0-0 Be7 7. Re1 0-0 8. Nbd2 Bd7 9. Nb3 cxd4 10. cxd4 Ne4 11. Bd2 Qb6 12. Rc1 Nxd2 13. Nbxd2 Nxd4 14. Nxd4 Qxd4 15. Rc7 Bc6 16. Rxe7 Qxb2 17. Nb3 Qa3 18. Rc7 Qd6 19. Rxc6 bxc6 20. Qc2 a5 21. Rc1 Rfc8 22. Nd4 c5 23. Nb5 Qe5 24. a4 h6 25. Qd2 Kf8 26. f4 Qf6 27. e4 dxe4 28. Qd6+ Qe7 29. Bxe4 Rab8 30. Rxc5 Qxd6 31. Rxc8+ Rxc8 32. Nxd6 Rc1+ 33. Kg2 Ke7 34. Nb7 Rc4 35. Kf3 Rxa4 36. Ke3 Ra2 37. Bd3 a4 38. h4 a3 39. Nc5 Rb2 40. Bc4 a2 41. Bxa2 Rxa2 42. Kf3 Ra3+ 43. Kf2 f5 44. Kg2 Rc3 45. Na4 Rc4 0-1

[Event "SUI-ch U16"]
[Site "Biel"]
[Date "2022.07.20"]
[Round "6"]
[White "Schellenberg, Simon"]
[Black "Zargarov, Mikayel"]
[Result "1-0"]
[WhiteElo "1899"]
[BlackElo "1994"]
[PlyCount "159"]
[EventDate "2022.07.18"]
[EventType "swiss"]
[EventRounds "7"]
[EventCountry "SUI"]
[SourceTitle "EXT 2023"]
[Source "ChessBase"]
[SourceDate "2022.10.05"]
[SourceVersion "1"]
[SourceVersionDate "2022.10.05"]
[SourceQuality "1"]

1. Nf3 c5 2. e4 Nc6 3. c3 d5 4. e5 Bg4 5. Bb5 e6 6. Bxc6+ bxc6 7. Qa4 Bxf3 8. Qxc6+ Ke7 9. Qxc5+ Ke8 10. Qc6+ Ke7 11. b3 f6 12. Ba3+ Kf7 13. Bxf8 Qxf8 14. gxf3 Ne7 15. Qc7 fxe5 16. Qxe5 Ng6 17. Qg3 Qe7 18. h4 Qf6 19. Na3 Nf4 20. Qg5 Nd3+ 21. Ke2 Nf4+ 22. Kd1 Qxg5 23. hxg5 Kg6 24. Rg1 Rhf8 25. Rg4 Rf7 26. Nb5 Raf8 27. Nd4 Rc8 28. b4 e5 29. Nb3 Ne6 30. Ke2 Nxg5 31. Rag1 h6 32. Nc5 Re8 33. a4 Kf6 34. b5 Ke7 35. a5 Kd6 36. Na4 e4 37. f4 Nh3 38. Rb1 Nxf4+ 39. Ke3 Ne6 40. b6 axb6 41. Rxb6+ Kc7 42. a6 Kc8 43. Rg6 Rf3+ 44. Ke2 Nf4+ 45. Ke1 Nxg6 46. Rxg6 Rf7 47. Nb6+ Kb8 48. Nxd5 Ka7 49. Nb4 Rc8 50. Ke2 Rcc7 51. Rg4 Rfe7 52. Nd5 Rcd7 53. Nxe7 Rxe7 54. Rg6 h5 55. Ke3 h4 56. Rg4 h3 57. Rh4 Kxa6 58. Rxh3 Kb6 59. Rh4 Kc5 60. Rxe4 Rf7 61. f4 Kd6 62. Kd4 Rf5 63. Ke3 Rh5 64. Ra4 Rh2 65. d3 Rh1 66. Kd4 Re1 67. Ra6+ Ke7 68. c4 Rf1 69. Ra7+ Kf6 70. Kd5 Rxf4 71. c5 Rf5+ 72. Kc4 Rf1 73. d4 g5 74. Ra2 g4 75. Rg2 Rf4 76. Kd5 Rf5+ 77. Kd6 Rf4 78. d5 Kf7 79. c6 Rf6+ 80. Kd7 1-0

[Event "Stein am Rhein op 12th"]
[Site "Stein am Rhein"]
[Date "2021.11.05"]
[Round "1"]
[White "Bauer, Laura Sophie"]
[Black "Schellenberg, Simon"]
[Result "0-1"]
[WhiteElo "1377"]
[BlackElo "1788"]
[PlyCount "130"]
[EventDate "2021.11.05"]
[EventType "swiss"]
[EventRounds "5"]
[EventCountry "SUI"]
[SourceTitle "EXT 2023"]
[Source "ChessBase"]
[SourceDate "2022.10.05"]
[SourceVersion "1"]
[SourceVersionDate "2022.10.05"]
[SourceQuality "1"]

1. e4 d5 2. exd5 Nf6 3. d4 Nxd5 4. Bc4 Nf6 5. Nc3 Bf5 6. Nf3 e6 7. 0-0 Be7 8. Bf4 0-0 9. Re1 Nc6 10. Qd2 Bg4 11. d5 Bxf3 12. gxf3 Na5 13. Bf1 exd5 14. Nb5 Nc6 15. Nxc7 Rc8 16. Nb5 a6 17. Nc3 d4 18. Ne4 Nxe4 19. Rxe4 Qb6 20. c3 dxc3 21. Qxc3 Bf6 22. Be3 Bxc3 23. Bxb6 Bxb2 24. Rb1 Ba3 25. Bh3 f5 26. Ra4 Bd6 27. Rd1 Rf6 28. Kh1 Rcf8 29. f4 Rh6 30. Bg2 Re8 31. Be3 Rc8 32. Rb1 Nd8 33. Bxb7 Nxb7 34. Rxb7 Rc6 35. Ra5 Rf6 36. Rd5 g6 37. Rb2 Rf7 38. Rbd2 Bf8 39. Rd8 Rfc7 40. Re8 Kf7 41. Rdd8 Bc5 42. Bxc5 Rxc5 43. Rf8+ Kg7 44. Rg8+ Kh6 45. Rd3 Rc3 46. Rgd8 Rxd3 47. Rxd3 Rc2 48. Rh3+ Kg7 49. Ra3 Rxf2 50. Ra4 Kh6 51. Kg1 Rb2 52. Rxa6 Kh5 53. Ra3 Kg4 54. Ra4 h6 55. Kh1 Rf2 56. Kg1 Rb2 57. Kh1 Kh5 58. Kg1 g5 59. fxg5 hxg5 60. Ra3 f4 61. h3 g4 62. hxg4+ Kxg4 63. Ra4 Kg3 64. Ra3+ f3 65. Kf1 Rb1# 0-1

[Event "Flims op 9th"]
[Site "Flims"]
[Date "2020.10.11"]
[Round "5"]
[White "Schellenberg, Simon"]
[Black "Purgaj, Christopher"]
[Result "0-1"]
[WhiteElo "1572"]
[BlackElo "1724"]
[PlyCount "60"]
[EventDate "2020.10.09"]
[EventType "swiss"]
[EventRounds "5"]
[EventCountry "SUI"]
[SourceTitle "CBM 198 Extra"]
[Source "ChessBase"]
[SourceDate "2020.11.30"]
[SourceVersion "1"]
[SourceVersionDate "2020.11.30"]
[SourceQuality "1"]

1. e4 c5 2. Nf3 d6 3. Bc4 e6 4. Nc3 Nf6 5. d3 Be7 6. Bg5 Nc6 7. 0-0 a6 8. a4 0-0 9. h3 b6 10. Nh2 h6 11. Bxf6 Bxf6 12. f4 Nd4 13. Nf3 Bb7 14. Nxd4 Bxd4+ 15. Kh1 d5 16. exd5 exd5 17. Bb3 Qd7 18. Qh5 Rad8 19. f5 Bf6 20. Rae1 Rfe8 21. h4 b5 22. g4 Qd6 23. Kg2 b4 24. Ne2 d4+ 25. Kg1 Re7 26. Rf2 Re3 27. g5 Qc6 28. Kh2 Be5+ 29. Nf4 Bxf4+ 30. Rxf4 Qg2# 0-1

[Event "Flims op 9th"]
[Site "Flims"]
[Date "2020.10.10"]
[Round "2"]
[White "Farhat Willemstein, Stela Souza"]
[Black "Schellenberg, Simon"]
[Result "1/2-1/2"]
[WhiteElo "1992"]
[BlackElo "1572"]
[PlyCount "118"]
[EventDate "2020.10.09"]
[EventType "swiss"]
[EventRounds "5"]
[EventCountry "SUI"]
[SourceTitle "CBM 198 Extra"]
[Source "ChessBase"]
[SourceDate "2020.11.30"]
[SourceVersion "1"]
[SourceVersionDate "2020.11.30"]
[SourceQuality "1"]

1. e4 d5 2. exd5 Nf6 3. Nf3 Nxd5 4. Bc4 Nb6 5. Bb3 Bg4 6. Bxf7+ Kxf7 7. Ng5+ Ke8 8. Qxg4 Qd6 9. 0-0 h6 10. Ne6 Nc6 11. Qh5+ Kd7 12. Nc5+ Kc8 13. Qg4+ Kb8 14. Ne4 Qe5 15. c3 h5 16. Qg6 e6 17. d4 Qd5 18. Bf4 h4 19. Nbd2 a6 20. Qf7 Be7 21. Qxg7 Ka7 22. Be5 Rhg8 23. Qh7 Nxe5 24. Qxe7 Nf3+ 25. Nxf3 Qxe4 26. Ng5 Qg4 27. f4 h3 28. g3 Rae8 29. Qxc7 Nd5 30. Qe5 Rg6 31. Rae1 Ka8 32. c4 Nf6 33. Qe2 Qf5 34. d5 exd5 35. Qf2 Ne4 36. Qf3 Rgg8 37. g4 Nxg5 38. Rxe8+ Rxe8 39. gxf5 Nxf3+ 40. Rxf3 dxc4 41. Kf2 Rf8 42. Rxh3 Rxf5 43. Rh8+ Ka7 44. Kf3 Rb5 45. Rc8 Rxb2 46. Rxc4 Rxh2 47. a4 b5 48. axb5 axb5 49. Rb4 Kb6 50. Ke4 Rh4 51. Ke5 Kc5 52. Rb1 Rh2 53. f5 Re2+ 54. Kf6 Kc4 55. Kf7 b4 56. f6 Kc3 57. Kg8 b3 58. f7 Rf2 59. Kg7 Kc2 1/2-1/2

[Event "Lugano Paradiso op"]
[Site "Lugano"]
[Date "2020.10.04"]
[Round "4"]
[White "Schellenberg, Simon"]
[Black "Zuellig, Flavian"]
[Result "1-0"]
[WhiteElo "1572"]
[BlackElo "1290"]
[PlyCount "93"]
[EventDate "2020.10.02"]
[EventType "swiss"]
[EventRounds "5"]
[EventCountry "SUI"]
[SourceTitle "CBM 198 Extra"]
[Source "ChessBase"]
[SourceDate "2020.11.30"]
[SourceVersion "1"]
[SourceVersionDate "2020.11.30"]
[SourceQuality "1"]

1. e4 c5 2. Nf3 d6 3. Nc3 Nc6 4. Bc4 Nf6 5. d3 e6 6. Bg5 Be7 7. 0-0 0-0 8. h3 h6 9. Bh4 a6 10. a4 Nb4 11. e5 dxe5 12. Nxe5 Qc7 13. f4 Re8 14. Bxf6 Bxf6 15. Qe2 Nc6 16. Nxc6 Qxc6 17. Rae1 Bxc3 18. bxc3 Qxa4 19. f5 Qc6 20. Qh5 Qc7 21. fxe6 Bxe6 22. Bxe6 Rxe6 23. Rxe6 fxe6 24. Re1 Rf8 25. Rxe6 Qf4 26. Re2 Qg5 27. Qxg5 hxg5 28. Re5 Rc8 29. Rxg5 a5 30. Re5 a4 31. Re1 a3 32. Ra1 Ra8 33. Kf2 Kf7 34. Ke3 Ke6 35. Ke4 b5 36. d4 b4 37. dxc5 bxc3 38. Kd3 Kd5 39. Kxc3 Kxc5 40. Ra2 Ra4 41. Kb3 Ra8 42. Rxa3 Rxa3+ 43. Kxa3 Kc4 44. Kb2 g6 45. h4 Kb4 46. g4 Kc4 47. h5 1-0

[Event "Lugano Paradiso op"]
[Site "Lugano"]
[Date "2020.10.03"]
[Round "2"]
[White "Schellenberg, Simon"]
[Black "Von Krogh, Deniz"]
[Result "1-0"]
[WhiteElo "1572"]
[BlackElo "1344"]
[PlyCount "61"]
[EventDate "2020.10.02"]
[EventType "swiss"]
[EventRounds "5"]
[EventCountry "SUI"]
[SourceTitle "CBM 198 Extra"]
[Source "ChessBase"]
[SourceDate "2020.11.30"]
[SourceVersion "1"]
[SourceVersionDate "2020.11.30"]
[SourceQuality "1"]

1. e4 c5 2. Nf3 a6 3. a4 Nc6 4. Bc4 e6 5. Nc3 Nf6 6. d3 d5 7. exd5 exd5 8. Bb3 d4 9. Ne2 Bg4 10. Ng5 h6 11. Nxf7 Qe7 12. Nxh8 Bh5 13. f3 g5 14. 0-0 Bg7 15. Ng3 Bxh8 16. Re1 Ne5 17. Nxh5 Nxh5 18. f4 Nxf4 19. Bxf4 gxf4 20. Qh5+ Kf8 21. Qxh6+ Bg7 22. Qxf4+ Ke8 23. Re4 Kd7 24. Rae1 Re8 25. a5 b5 26. axb6 Rf8 27. Qg3 Rf5 28. b7 Kc7 29. c3 Qd6 30. Qxg7+ Kb8 31. Rxe5 1-0